Horse heroes / (Record no. 573)

MARC details
000 -LEADER
fixed length control field 01710cam a2200349 a 4500
005 - DATE AND TIME OF LATEST TRANSACTION
control field 20230616143553.0
020 ## - INTERNATIONAL STANDARD BOOK NUMBER
International Standard Book Number 9780375870262 (trade)
020 ## - INTERNATIONAL STANDARD BOOK NUMBER
International Standard Book Number 9780375970269 (lib. bdg.)
020 ## - INTERNATIONAL STANDARD BOOK NUMBER
International Standard Book Number 9780375988639 (ebook)
040 ## - CATALOGING SOURCE
Original cataloging agency DLC
Transcribing agency DLC
Modifying agency DLC
050 00 - LIBRARY OF CONGRESS CALL NUMBER
Classification number SF302
Item number .O73 2013
082 00 - DEWEY DECIMAL CLASSIFICATION NUMBER
Classification number 636.1
Edition number 23
100 1# - MAIN ENTRY--PERSONAL NAME
Personal name Osborne, Mary Pope.
245 10 - TITLE STATEMENT
Title Horse heroes /
Statement of responsibility, etc. Mary Pope Osborne and Natalie Pope Boyce
260 ## - PUBLICATION, DISTRIBUTION, ETC.
Place of publication, distribution, etc. New York :
Name of publisher, distributor, etc. Scholastic
Date of publication, distribution, etc. 2013.
300 ## - PHYSICAL DESCRIPTION
Extent 125 pages :
Other physical details illustrations
Dimensions 20 cm.
490 0# - SERIES STATEMENT
Series statement Magic tree house fact tracker
500 ## - GENERAL NOTE
General note Includes index.
500 ## - GENERAL NOTE
General note "A nonfiction companion to Magic Tree House #49: Stallion by Starlight."
505 ## - FORMATTED CONTENTS NOTE
Formatted contents note M <br/>
520 ## - SUMMARY, ETC.
Summary, etc. When Jack and Annie got back from their adventure in Magic Tree House #49:Stallion at Starlight, they had lots of questions. Why did people tame horses? What jobs do horses have today? Why was Alexander the Great's horse so famous? What are some other famous horses in history? Find out the answers to these questions and more as Jack and Annie track the facts. Filled with up-to-date information, photos, illustrations, and fun tidbits from Jack and Annie, the Magic Tree House Fact Trackers are the perfect way for kids to find out more about the topics they discovered in their favorite Magic Tree House adventures.
521 ## - TARGET AUDIENCE NOTE
Target audience note 810 <br/>
Source Lexile
521 ## - TARGET AUDIENCE NOTE
Target audience note M <br/>
Source Raz-Plus
650 #0 - SUBJECT ADDED ENTRY--TOPICAL TERM
Topical term or geographic name entry element Horses
Form subdivision Juvenile literature.
650 #0 - SUBJECT ADDED ENTRY--TOPICAL TERM
Topical term or geographic name entry element Animal heroes
Form subdivision Juvenile literature.
700 1# - ADDED ENTRY--PERSONAL NAME
Personal name Boyce, Natalie Pope.
700 1# - ADDED ENTRY--PERSONAL NAME
Personal name Murdocca, Sal,
Relator term illustrator
906 ## - LOCAL DATA ELEMENT F, LDF (RLIN)
a 7
b cbc
c orignew
d 1
e ecip
f 20
g y-gencatlg
942 ## - ADDED ENTRY ELEMENTS (KOHA)
Source of classification or shelving scheme Dewey Decimal Classification
Koha item type Books
Suppress in OPAC No
999 ## -
-- 573
-- 573
Holdings
Withdrawn status Lost status Source of classification or shelving scheme Damaged status Not for loan Collection Home library Current library Shelving location Date acquired Total Checkouts Full call number Barcode Date last seen Copy number Price effective from Koha item type
    Dewey Decimal Classification     Fiction Footprints International School Library Network Toul Kork Campus Footprints International School Library Network Toul Kork Campus A TK Campus, 4th Floor, Room B401, Fiction Bookcases (1-6) 06/16/2023   OSB Fic SF302 FISTK00490 06/16/2023 1 06/16/2023 Books
    Dewey Decimal Classification     Juvenile Fiction Footprints International School Library Network Toul Kork Campus Footprints International School Library Network Toul Kork Campus TTP Secondary Fiction Bookshelves 06/16/2023   OSB Fic SF302 FISBK00125 11/24/2023 2 06/16/2023 Books